LAW REPORTTS OF THE COMMONWEALTH 2014 (Record no. 216284)
[ view plain ]
| 000 -LEADER | |
|---|---|
| fixed length control field | 00500nam a22001457a 4500 |
| 008 - FIXED-LENGTH DATA ELEMENTS--GENERAL INFORMATION | |
| fixed length control field | 251126b |||||||| |||| 00| 0 eng d |
| 020 ## - INTERNATIONAL STANDARD BOOK NUMBER | |
| International Standard Book Number | 978-1-4057-8937-0 |
| 100 ## - MAIN ENTRY--PERSONAL NAME | |
| Personal name | READ, JAMES S. |
| 245 ## - TITLE STATEMENT | |
| Title | LAW REPORTTS OF THE COMMONWEALTH 2014 |
| 260 ## - PUBLICATION, DISTRIBUTION, ETC. | |
| Place of publication, distribution, etc. | LONDON |
| Name of publisher, distributor, etc. | LEXISNEXIS |
| Date of publication, distribution, etc. | 2014 |
| 300 ## - PHYSICAL DESCRIPTION | |
| Extent | XXVIII, 760P. |
| 650 ## - SUBJECT ADDED ENTRY | |
| Topical term or geographic name entry element | 1.LAW REPORTS, DIGESTS, ETC - COMMONWEALTH COUNTRIES 2. LAW- COMMONWEALTH COUNTRIES 3. COMPARATIVE LAW - COMMONWEALTH COUNTRIES |
| 942 ## - ADDED ENTRY ELEMENTS (KOHA) | |
| Source of classification or shelving scheme | Library of Congress Classification |
| Koha item type | Reference |
| Withdrawn status | Lost status | Source of classification or shelving scheme | Damaged status | Not for loan | Collection | Home library | Current library | Shelving location | Date acquired | Inventory number | Total checkouts | Full call number | Barcode | Date last seen | Copy number | Price effective from | Koha item type |
|---|---|---|---|---|---|---|---|---|---|---|---|---|---|---|---|---|---|
| Library of Congress Classification | Law | Kisii University Library | Kisii University Library | On Display | 11/26/2025 | 110089 | KD 122 .L39 2014 V.3 | 000000001701 | 11/26/2025 | C.1 | 11/26/2025 | Reference | |||||
| Library of Congress Classification | Law | Kisii University Library | Kisii University Library | On Display | 11/26/2025 | 110090 | KD 122 .L39 2014 V.3 | 000000001702 | 11/26/2025 | C.2 | 11/26/2025 | Reference | |||||
| Library of Congress Classification | Law | Kisii University Library | Kisii University Library | On Display | 11/26/2025 | 110091 | KD 122 .L39 2014 V.3 | 000000002909 | 11/26/2025 | C.3 | 11/26/2025 | Reference |